[Event "SVK-chT2D 1213"]
[Site "Slovakia"]
[Date "2013.02.03"]
[Round "7.5"]
[White "Rak, Peter"]
[Black "Belis, Rudolf"]
[Result "1-0"]
[WhiteElo "1951"]
[BlackElo "2050"]
[PlyCount "151"]
[EventDate "2012.10.13"]
[EventType "team-tourn"]
[EventRounds "11"]
[EventCountry "SVK"]
[SourceTitle "EXT 2015"]
[Source "ChessBase"]
[SourceDate "2014.11.20"]
[SourceVersion "1"]
[SourceVersionDate "2014.11.20"]
[SourceQuality "1"]
[WhiteTeam "Presov Slavia"]
[BlackTeam "Presov Tatran Dason"]
[WhiteTeamCountry "SVK"]
[BlackTeamCountry "SVK"]

1. e4 e5 2. Nf3 Nc6 3. Bb5 Nf6 4. 0-0 Nxe4 5. d4 Nd6 6. Bxc6 dxc6 7. dxe5 Nf5 8. Qxd8+ Kxd8 9. Nc3 Ke8 10. Ne4 Be7 11. Bg5 a5 12. Rad1 b6 13. Rfe1 Be6 14. a3 Rd8 15. Rxd8+ Kxd8 16. g4 Nh6 17. Nd4 Bxg5 18. Nxe6+ fxe6 19. Nxg5 Ke7 20. h3 Rd8 21. Re2 Nf7 22. Nxf7 Kxf7 23. c3 Rd3 24. Kg2 g5 25. f3 b5 26. Kf2 Ke7 27. Rc2 Rd5 28. Re2 c5 29. Kg3 b4 30. c4 Rd3 31. a4 Rd1 32. Re3 Kf7 33. b3 Kg6 34. Kg2 Rd2+ 35. Kg3 Rd4 36. Kg2 h5 37. Kf2 Rd7 38. Ke2 hxg4 39. fxg4 Rh7 40. Kf2 Rd7 41. Ke1 Rd4 42. Ke2 Rd7 43. Rd3 Rh7 44. Rf3 Re7 45. Ke3 Kg7 46. Rf6 Re8 47. Ke4 Re7 48. Rf3 Kg6 49. Re3 Rf7 50. Rf3 Re7 51. Rf8 Rh7 52. Rf6+ Kg7 53. Rxe6 Rxh3 54. Ra6 Rxb3 55. Rxa5 Rb1 56. Rxc5 b3 57. Rxc7+ Kf8 58. Rb7 b2 59. Kd3 Rg1 60. Rxb2 Rxg4 61. Ra2 Rf4 62. a5 Rf7 63. a6 Ra7 64. Ke4 Ke7 65. Kf5 Kd7 66. Kxg5 Ke6 67. Kf4 Rf7+ 68. Ke4 Ra7 69. c5 Kd7 70. Kd5 Kc7 71. e6 Kc8 72. Kd6 Kd8 73. c6 Rd7+ 74. Kc5 Rd1 75. a7 Rc1+ 76. Kd4 1-0

[Event "SVK-chT2D 1112"]
[Site "Slovakia"]
[Date "2012.01.29"]
[Round "9.4"]
[White "Rak, Peter"]
[Black "Butala, Stefan"]
[Result "1-0"]
[WhiteElo "1892"]
[BlackElo "1960"]
[PlyCount "125"]
[EventDate "2011.10.08"]
[EventType "team-tourn"]
[EventRounds "11"]
[EventCountry "SVK"]
[SourceTitle "EXT 2013"]
[Source "ChessBase"]
[SourceDate "2012.11.22"]
[SourceVersion "1"]
[SourceVersionDate "2012.11.22"]
[SourceQuality "1"]
[WhiteTeam "Presov Slavia PU"]
[BlackTeam "Velke Kapusany"]
[WhiteTeamCountry "SVK"]
[BlackTeamCountry "SVK"]

1. e4 c5 2. Nc3 d6 3. g3 Nc6 4. Bg2 Nf6 5. d3 g6 6. f4 Bg7 7. Nf3 0-0 8. Be3 Ng4 9. Bg1 a6 10. h3 Nf6 11. Qd2 b5 12. Bf2 b4 13. Nd1 Rb8 14. 0-0 Qc7 15. Ne3 e6 16. Nh4 Nd7 17. Rab1 Nb6 18. b3 Na7 19. Nc4 Nb5 20. e5 dxe5 21. Nxe5 Bxe5 22. fxe5 Qxe5 23. Nf3 Qc7 24. Qg5 Nd7 25. Rbe1 f6 26. Qe3 e5 27. h4 Nd4 28. Qd2 a5 29. g4 Nb6 30. g5 Nxf3+ 31. Bxf3 Bb7 32. Bg3 Bxf3 33. Rxf3 Qc6 34. Rxf6 Rxf6 35. gxf6 Nd7 36. Qg5 Qxf6 37. Qxf6 Nxf6 38. Rxe5 Rc8 39. Bf2 Nd7 40. Rd5 Rc7 41. Bg3 Rb7 42. Bd6 Kf7 43. Bxc5 Ke6 44. Rd6+ Kf5 45. Bf2 Nf6 46. Ra6 Rb5 47. Bb6 Kg4 48. Bxa5 Nd5 49. Bd8 Ne3 50. a3 bxa3 51. Rxa3 Nxc2 52. Ra4+ Kf3 53. Ra2 Nd4 54. Rf2+ Ke3 55. Rf7 Rxb3 56. Rxh7 Nf5 57. h5 gxh5 58. Rxh5 Kf4 59. Bc7+ Kg4 60. Rh8 Rxd3 61. Kf2 Rd2+ 62. Ke1 Rc2 63. Bb6 1-0

[Event "SVK-chT2D 1112"]
[Site "Slovakia"]
[Date "2011.10.08"]
[Round "1.4"]
[White "Rak, Peter"]
[Black "Nemergut, Matej"]
[Result "1-0"]
[WhiteElo "1892"]
[BlackElo "1920"]
[PlyCount "61"]
[EventDate "2011.10.08"]
[EventType "team-tourn"]
[EventRounds "11"]
[EventCountry "SVK"]
[SourceTitle "EXT 2013"]
[Source "ChessBase"]
[SourceDate "2012.11.22"]
[SourceVersion "1"]
[SourceVersionDate "2012.11.22"]
[SourceQuality "1"]
[WhiteTeam "Presov Slavia PU"]
[BlackTeam "Stara Lubovna"]
[WhiteTeamCountry "SVK"]
[BlackTeamCountry "SVK"]

1. e4 e5 2. Nf3 Nc6 3. Bb5 Nf6 4. 0-0 Nxe4 5. d4 Nd6 6. Bxc6 dxc6 7. dxe5 Nf5 8. Qxd8+ Kxd8 9. b3 Bd7 10. Bb2 Be7 11. Nbd2 Kc8 12. Ne4 b6 13. Rad1 h6 14. Rd3 Be6 15. c4 Kb7 16. Rfd1 Rad8 17. h3 Nh4 18. Nd4 Bc8 19. f3 Ng6 20. Ne2 Rxd3 21. Rxd3 Nf8 22. Kf2 Ne6 23. f4 Rg8 24. Kf3 g5 25. f5 Nc5 26. Nxc5+ Bxc5 27. g4 h5 28. Ng3 hxg4+ 29. hxg4 a5 30. Ne4 Bf8 31. Rd8 1-0